00325nam a2200109Ia 4500008004100000082002000041100001200061245002700073260002400100630001800124650007300142211122s9999||||xx |||||||||||||| ||und|| a894.8123bUNN-O aUnni, R 0aOru Bhayankara Kamukan bD C BooksaKottayam xGeneral Stack aMalayalam LiteraturevMalayalam FictionMalayalam NovelsShort Stories